Представление документа в формате RUSMARC

ПолеНазваниеЗначение
  Тип записи a
  Библиографический уровень a
001 Контрольный номер RU/CBS_UL/BASE/0ce64b185c114d9cbf557ebadb425594
005 Дата корректировки 20260426125526.2
100 Данные общей обработки __
a Данные общей обработки 20260426 ||| 0rusy0189 ca
101 Язык документа 0_
a Язык текста rus
102 Страна публикации __
a Страна публикации RU
200 Заглавие и сведения об ответственности 1_
a Заглавие Морзянка для внука
e Сведения, относящиеся к заглавию [семейная история Великой Отечественной войны]
f Первые сведения об ответственности Д. Тренин
300 Общие примечания __
a Общие примечания 16+
461 Уровень набора _0
1 2000
a Родина
463 Уровень физической единицы _0
1 2000
a № 5
v С. 20-23 : фот.
1 2101
d 2025
1 001RU/CBS_UL/BASE/ea603f05571b4bbdb07499a77059ff54
600 Персоналии _1
a Персоналии (Фамилия) Лисицын
b Персоналии (Имя, инициалы) Г.А.
606 Тематические рубрики 0_
a Основная рубрика Великая Отечественная война - 1941-1945 - Семейные истории
610 Ключевые слова 0_
a Ключевые слова войны, ВОВ, война Великая Отечественная, судьба человека, семейные предания, устная история, мемуаристика
686 Индексы других классификаций __
2 Код системы rubbk
a Классификационный индекс 63.3(2)622
700 Автор _1
a Фамилия Тренин
b Имя (инициалы) Д.
801 Источник записи _0
a Страна RU
b Организация МБУК ЦБС г. Ульяновска
c Дата составления 20260426
g Правила каталогизации RCR
801 Источник записи _1
a Страна RU
b Организация МБУК ЦБС г. Ульяновска
c Дата составления 20260426
g Правила каталогизации RCR
901 Тип документа __
t Тип документа b
w Контрольный № источника RU/CBS_UL/BASE/ea603f05571b4bbdb07499a77059ff54
909 Создатель записи __
a Создатель записи lib1